| 000 | 00531nam a2200217 a 4500 | ||
|---|---|---|---|
| 999 |
_c7039 _d7039 |
||
| 001 | 7039 | ||
| 003 | BD-JhCC | ||
| 005 | 20180210092953.0 | ||
| 008 | 180204s1964 usa |||| |||| 000 0 eng d | ||
| 035 | _a(BD-JhCC) | ||
| 040 |
_aBD-JhCC _dBD-JhCC |
||
| 041 | _aeng | ||
| 082 |
_a870.3 _bHAM 1964 |
||
| 100 | _aHamilton, Edith | ||
| 245 |
_aThe Roman Way / _cEdith Mamilton |
||
| 260 |
_aNew York: _bThe Norton Library; _c1964 |
||
| 300 |
_a185;, _c22 cm |
||
| 650 | _aCiviliation | ||
| 650 | _aRoman Literature | ||
| 942 |
_2ddc _cBK |
||